Star Wars Universe (Legends) - Statistics

General Stats
  • This quiz has been taken 33 times
  • The average score is 8 of 24
Answer Stats
Hint Answer % Correct
Creator of the "Rule of Two" Darth Bane
76%
The last Grand Admiral Thrawn
76%
Darth Sidious's master darth plagueis
64%
Starkillers (Vaders secret apprentice) real name galen marek
56%
Infamous Duros bounty hunter cad bane
52%
General grievous flagship during the battle of Coruscant invisible hand
52%
Finaly who is the most powerful/greatest jedi or sith to have ever lived? luke skywalker
48%
Luke Skywalkers x-wing designation durin the battle of Yavin red 5
40%
Emperor Palpatines flagship eclipse
36%
Space station that Revan and then Malak controlled star forge
36%
Lando's co-pilot during the battle of Endor nien nunb
32%
The first dark lord of the sith Ajunta pall
24%
Prince of the Eternal Empire arcann
24%
The planet that Jango Fett was born on concord dawn
24%
primary planet of the Sith empire during the Great Galactic war dromund kaas
20%
Jedi battlemaster that taught Satele Shan kao cen darach
20%
What does the HK in HK-47 stand for hunter killer
16%
The name of Warlord Zsinj's command ship Iron Fist
16%
Leader of the Crimson Empire Carnor Jax
12%
Chief designer of the death Star bevel lemelisk
8%
Clone Commander of the 7th Sky Corps cody
8%
Mandalore the Ultimates chief lieutenant cassus fett
4%
Moon that orbits Nal Hutta (commonly known as smugglers moon) Nar shaddaa
4%
suprime Overlord of the Yuuzhan Vong shimmra jamaane
4%
No matching quizzes found
Score Distribution
Percent of People with Each Score
Percentile by Number Answered
Your Score History
You have not taken this quiz